000 01171 a2200229 4500
001 34033
005 20260407155630.0
008 260407a2003 arg spa d
003 AR-UNSa-BCEJYS
040 _aAR-UNSa-BCEJYS
_bspa
_cAR-UNSa-BCEJYS
080 _a658.012.123
_xModelos de decisión. Diagramas de decisión. Árboles de decisión (Cursogramas)
245 1 0 _aDecisiones empresariales bajo riesgo e incertidumbre
020 _a958-04-7441-9
264 1 _aBogotá :
_bGrupo Editorial Norma
_c2003
300 _axv, 448 p.
_c23 cm.
505 _a1. El proceso de decisión - 2. Decisiones bajo certeza: el valor del dinero en el tiempo - 3. Decisiones bajo incertidumbre - 4. Una aproximación a los métodos de pronóstico - 5. Actitudes hacia el riesgo - 6. Análisis de sensibilidad - 7. Análisis de inversiones bajo riesgo: simulación - 8. Árboles de decisión - 9. Análisis de portafolio - 10. Opciones reales
041 _aspa
942 _cBK
590 _aniveau_biblio:m niveau_hierar:0
100 1 _aVélez Pareja, Ignacio
856 4 1 _uhttps://biblioeco.unsa.edu.ar/pmb/images/libros/decisiones_empresarial.jpg
_yImagen de portada
_qimage/jpeg
999 _c2413
_d2413